|
|
|
|
| LEADER |
01266nam a2200277 a 4500 |
| 001 |
GR-MES15270 |
| 008 |
071227u2006 gr 000 b eng d |
| 020 |
|
|
|a 0471748080
|
| 020 |
|
|
|a 9780471748083
|
| 040 |
|
|
|a GrPaTEI
|b gre
|c GR-PaULI
|
| 082 |
|
0 |
|a 005.133
|2 21
|
| 100 |
1 |
|
|a Spofford, George,
|d 1965-
|
| 245 |
1 |
0 |
|a MDX solutions with Microsoft SQL Server Analysis Services 2005 and Hyperion Essbase /
|c George Spofford, Sivakumar Harinath, Christopher Webb ... [et al.].
|
| 250 |
|
|
|a 2nd ed.
|
| 260 |
|
|
|a Indianapolis, IN :
|b Wiley Pub.,
|c c2006
|
| 300 |
|
|
|a xxvii, 716 σ. :
|b εικ ;
|c 24 εκ.
|
| 500 |
|
|
|a Περιλαμβάνει ευρετήριο.
|
| 650 |
|
0 |
|a Client/server computing
|
| 650 |
|
0 |
|a MDX (Γλώσσα προγραμματισμού ηλεκτρονικού υπολογιστή)
|
| 650 |
|
0 |
|a OLAP technology
|
| 650 |
|
0 |
|a OLAP τεχνολογία
|
| 650 |
|
4 |
|a Χρήση υπολογιστή πελάτη/διακομιστή
|
| 942 |
|
|
|2 ddc
|
| 952 |
|
|
|0 0
|1 0
|2 ddc
|4 0
|6 005_133000000000000_MDX
|7 0
|9 273104
|a MSLG
|b MSLG
|c BSC
|d 2021-01-17
|e 24
|f 0
|g 0.00
|l 0
|o 005.133 MDX
|p 2420000024327
|r 2021-01-17 00:00:00
|t 1
|w 2021-01-17
|y BK15
|x 20090921 0 ΤΣΑΝΤΑΡΛΙΩΤΗ 1
|x GrPaTEI
|
| 971 |
|
|
|a .b25813195
|b 15-04-20
|c 13-09-16
|
| 999 |
|
|
|c 158086
|d 158086
|